000 00329nam a22001337a 4500
008 210322b ||||| |||| 00| 0 eng d
041 _aeng
080 _a541
082 _a541
100 _a12
101 _aKIM
245 _aStructure Elucidation of Natural Products by Mass Spectrometry
_c Budzikiewicz, H
942 _2udc
_cBK
999 _c56630
_d56630